000 00597nam a22001697a 4500
003 NUST
005 20220802183401.0
008 220802b ||||| |||| 00| 0 eng d
020 _a9798691101694
038 _aAzhar
082 _a808.50712
_bAUG
100 _aHarvey Augustus
_996362
245 _aHow to read body language
_bsecrets to analyzing &speed reading people like a book- how how to understand & talk to any person(nonverbal communication training mastery to improve your social skills)
_cHarvey Augustus
260 _aUSA
_bHarvey Augustus
_c2021
300 _a191p
942 _2ddc
_cLC
999 _c590765
_d590765